00752nam a2200181 a 450000100100000000500170001000800410002702000150006804000250008310000330010824500600014126000680020130000210026959000760029004900090036695201780037599900170055300003581720200930074633.0111114s1989 mx 000 0 spa d a9684391808 aDO-SdBNPbspacBNPHU1 aHuacuja, Mariod1950-96177613aLa resurrección de la Santa María /cMario Huacuja. aMéxico :bAguilar León y Cal Editores,c1989.fEditora Melo a115 p. ;c23 cm. aPerteneció a la biblioteca personal de Juan Isidro Jimenes Grullón. aBNPD 001050718MOaGRbGRcCTd2011-11-14iLF1l0o p35817-10r2020-06-25w2020-06-25y1zPerteneció a la biblioteca personal de Juan Isidro Jimenes Grullón.ZNo se presta c35308d35308